[Event "Bank Lviv-open 2016 (C-Open)"]
[Site "Lviv"]
[Date "2016.03.15"]
[Round "1.1"]
[White "Onischuk, Vladimir"]
[Black "Pugachov, Ilia"]
[Result "1-0"]
[WhiteElo "2732"]
[BlackElo "2133"]
[PlyCount "61"]
[EventDate "2016.03.15"]
[EventType "swiss (rapid)"]
[EventRounds "11"]
[EventCountry "UKR"]

1. e4 c5 2. Nf3 d6 3. d4 cxd4 4. Nxd4 Nf6 5. Nc3 Nc6 6. g3 e6 7. Bg2 Bd7 8. O-O
Be7 9. h3 Nxd4 10. Qxd4 Bc6 11. Be3 O-O 12. Rad1 Nd7 13. f4 Qc7 14. Qd3 Nc5 15.
Qe2 a5 16. Bxc5 dxc5 17. e5 Bxg2 18. Kxg2 Rfd8 19. a4 Rd4 20. Qf3 Qb6 21. b3
Rad8 22. Nb5 Rxd1 23. Rxd1 Rxd1 24. Qxd1 Qc6+ 25. Qf3 c4 26. Qxc6 bxc6 27. Nd4
cxb3 28. cxb3 Bb4 29. Nxc6 Be1 30. b4 Kf8 31. bxa5 1-0

[Event "Bank Lviv-open 2016 (C-Open)"]
[Site "Lviv"]
[Date "2016.03.15"]
[Round "1.2"]
[White "Senchichin, Jarina"]
[Black "Areshchenko, Alexander"]
[Result "0-1"]
[WhiteElo "2125"]
[BlackElo "2663"]
[PlyCount "69"]
[EventDate "2016.03.15"]
[EventType "swiss (rapid)"]
[EventRounds "11"]
[EventCountry "UKR"]

1. c4 g6 2. Nc3 c5 3. g3 Bg7 4. Bg2 Nc6 5. e3 e5 6. Nge2 Nge7 7. O-O O-O 8. a3
a5 9. d3 d6 10. Rb1 Bg4 11. h3 Bf5 12. e4 Be6 13. Nd5 Rb8 14. Nec3 b6 15. Bg5
f6 16. Be3 Qd7 17. Kh2 f5 18. f4 Kh8 19. Qd2 Nd4 20. Bxd4 cxd4 21. Ne2 b5 22.
b3 Nc6 23. b4 fxe4 24. cxb5 Bxd5 25. bxc6 Qxc6 26. dxe4 Bxe4 27. Rbc1 Qb7 28.
Bxe4 Qxe4 29. bxa5 Rb3 30. fxe5 Rxf1 31. Rxf1 dxe5 32. Rc1 h5 33. a6 Re3 34.
Rc2 Rf3 35. Ng1 0-1

[Event "Bank Lviv-open 2016 (C-Open)"]
[Site "Lviv"]
[Date "2016.03.15"]
[Round "1.3"]
[White "Volokitin, Andrei"]
[Black "Khabichev, Valeriy"]
[Result "1-0"]
[WhiteElo "2640"]
[BlackElo "2114"]
[PlyCount "59"]
[EventDate "2016.03.15"]
[EventType "swiss (rapid)"]
[EventRounds "11"]
[EventCountry "UKR"]

1. e4 d6 2. d4 Nf6 3. Nc3 g6 4. Be3 Bg7 5. f3 O-O 6. Qd2 e5 7. O-O-O exd4 8.
Bxd4 Nc6 9. Be3 Re8 10. Bh6 Bh8 11. h4 Be6 12. g4 Ne5 13. h5 a6 14. Bg5 b5 15.
Qf4 b4 16. Nd5 Bxd5 17. exd5 Ned7 18. Qh2 Qe7 19. Nh3 Qe5 20. Bf4 Qe7 21. hxg6
hxg6 22. Nf2 Bg7 23. Nd3 Nxd5 24. Qh7+ Kf8 25. Bh6 Qf6 26. Qh8+ Ke7 27. Re1+
Ne5 28. Qxg7 Qxf3 29. Nxe5 dxe5 30. Bc4 1-0

[Event "Bank Lviv-open 2016 (C-Open)"]
[Site "Lviv"]
[Date "2016.03.15"]
[Round "1.4"]
[White "Gasik, Piotr"]
[Black "Kovalev, Vladislav"]
[Result "0-1"]
[WhiteElo "2102"]
[BlackElo "2633"]
[PlyCount "126"]
[EventDate "2016.03.15"]
[EventType "swiss (rapid)"]
[EventRounds "11"]
[EventCountry "UKR"]

1. c4 Nf6 2. Nc3 g6 3. e4 d6 4. d4 Bg7 5. Be2 O-O 6. Nf3 e5 7. O-O exd4 8. Nxd4
Re8 9. f3 c6 10. Nc2 Na6 11. Be3 d5 12. cxd5 cxd5 13. Nxd5 Nxd5 14. Qxd5 Qxd5
15. exd5 Bf5 16. Bb5 Bxc2 17. Bxe8 Rxe8 18. Bxa7 Rd8 19. Rf2 Ba4 20. Rd2 Bh6
21. Rd3 Nb4 22. Rc3 Nxd5 23. Ra3 b5 24. Re1 Bg7 25. Rd3 Bxb2 26. Re2 Bf6 27.
Red2 Ra8 28. Bc5 Nf4 29. Re3 Ne6 30. Rd6 Be7 31. Rexe6 fxe6 32. Rc6 Bxc5+ 33.
Rxc5 Ra7 34. Kf2 Kf7 35. Ke3 Kf6 36. f4 h5 37. h3 h4 38. Rg5 Rc7 39. Rg4 Rc2
40. a3 Ra2 41. Rxh4 Rxg2 42. Rh8 Rg3+ 43. Kd4 Rxa3 44. h4 Ra1 45. h5 gxh5 46.
Rxh5 Rd1+ 47. Kc3 Rd5 48. Rh4 Kf5 49. Rh6 Rd6 50. Rh4 Ke4 51. Kb4 Kf3 52. Kc5
Ra6 53. Kb4 Kg3 54. Rh8 Kxf4 55. Rh5 e5 56. Rh8 e4 57. Re8 e3 58. Kc3 Rd6 59.
Rf8+ Kg3 60. Rg8+ Kf2 61. Rf8+ Ke1 62. Rf7 e2 63. Rf8 Kd1 0-1

[Event "Bank Lviv-open 2016 (C-Open)"]
[Site "Lviv"]
[Date "2016.03.15"]
[Round "1.6"]
[White "Guivan, Vasily"]
[Black "Bortnyk, Olexandr"]
[Result "0-1"]
[WhiteElo "2086"]
[BlackElo "2606"]
[PlyCount "82"]
[EventDate "2016.03.15"]
[EventType "swiss (rapid)"]
[EventRounds "11"]
[EventCountry "UKR"]

1. e4 Nf6 2. e5 Nd5 3. Nc3 Nb6 4. d4 d6 5. Nf3 g6 6. h4 h6 7. Be3 Bg7 8. Qd2
Bg4 9. exd6 cxd6 10. Bb5+ Bd7 11. Be2 Nc6 12. d5 Ne5 13. Nxe5 dxe5 14. h5 g5
15. d6 e6 16. Bf3 Nc4 17. Qe2 Nxd6 18. O-O-O Qc7 19. Rxd6 Qxd6 20. Rd1 Qe7 21.
Bxb7 O-O 22. Bxa8 Rxa8 23. Qd3 Bc6 24. f3 f5 25. Qd6 Qe8 26. Qc7 a6 27. Bb6 Rc8
28. Qa7 Qxh5 29. Qxa6 Qe8 30. a4 Ra8 31. Qc4 Bxa4 32. Rd6 Bd7 33. Qc7 Bb5 34.
Qc5 Bf1 35. g4 Bf8 36. gxf5 Rc8 37. Qb4 exf5 38. Bc5 Bxd6 39. Bxd6 Qe6 40. Qb7
Rxc3 41. bxc3 Qxd6 0-1

[Event "Bank Lviv-open 2016 (C-Open)"]
[Site "Lviv"]
[Date "2016.03.15"]
[Round "2.1"]
[White "Grekh, Andrey"]
[Black "Onischuk, Vladimir"]
[Result "0-1"]
[WhiteElo "2376"]
[BlackElo "2732"]
[PlyCount "68"]
[EventDate "2016.03.15"]
[EventType "swiss (rapid)"]
[EventRounds "11"]
[EventCountry "UKR"]

1. b3 e5 2. Bb2 Nc6 3. g3 g6 4. Bg2 Nge7 5. c4 Bg7 6. Nc3 O-O 7. Nd5 d6 8. h4
h6 9. d3 Nxd5 10. cxd5 Ne7 11. Rc1 c6 12. dxc6 Nxc6 13. e3 d5 14. Ne2 d4 15.
exd4 exd4 16. O-O Bg4 17. Qd2 Re8 18. Rfe1 Qd7 19. Rc5 Qe7 20. Rcc1 Qd7 21. a3
Re5 22. b4 Rae8 23. Nf4 Rxe1+ 24. Rxe1 Ne5 25. Kf1 g5 26. hxg5 hxg5 27. Ne2 Nf3
28. Bxf3 Bxf3 29. Ng1 Rxe1+ 30. Qxe1 Bc6 31. Qc1 Qf5 32. Qc2 Bb5 33. Ke2 g4 34.
Bc1 Qe4+ 0-1

[Event "Bank Lviv-open 2016 (C-Open)"]
[Site "Lviv"]
[Date "2016.03.15"]
[Round "2.2"]
[White "Areshchenko, Alexander"]
[Black "Mikhaletz, Lubomir"]
[Result "1-0"]
[WhiteElo "2663"]
[BlackElo "2353"]
[PlyCount "32"]
[EventDate "2016.03.15"]
[EventType "swiss (rapid)"]
[EventRounds "11"]
[EventCountry "UKR"]

1. e4 Nc6 2. d4 d5 3. e5 f6 4. Nf3 Bg4 5. Bb5 Qd7 6. h3 Bxf3 7. Qxf3 a6 8. Bxc6
Qxc6 9. O-O fxe5 10. Qh5+ g6 11. Qxe5 Nf6 12. Re1 O-O-O 13. Nc3 Bg7 14. Bd2 Nh5
15. Qxe7 Bxd4 16. Qe2 Kb8 1-0

[Event "Bank Lviv-open 2016 (C-Open)"]
[Site "Lviv"]
[Date "2016.03.15"]
[Round "2.3"]
[White "Bordovsky, Vladimir"]
[Black "Volokitin, Andrei"]
[Result "1-0"]
[WhiteElo "2340"]
[BlackElo "2640"]
[PlyCount "121"]
[EventDate "2016.03.15"]
[EventType "swiss (rapid)"]
[EventRounds "11"]
[EventCountry "UKR"]

1. Nf3 c5 2. b3 g6 3. Bb2 Nf6 4. g3 Bg7 5. Bg2 d5 6. O-O O-O 7. d3 Nc6 8. Nbd2
Qc7 9. e4 dxe4 10. dxe4 Rd8 11. Qe2 Nxe4 12. Nxe4 Bxb2 13. Rad1 Nd4 14. Qe3 Bf5
15. Ne1 Bg4 16. f3 Nf5 17. Rxd8+ Rxd8 18. Qe2 Nd4 19. Qf2 f5 20. fxg4 fxe4 21.
Bxe4 Nf5 22. Kh1 Bd4 23. Qe2 Ne3 24. c3 Qe5 25. Rf4 Bxc3 26. Nd3 Rxd3 27. Qxd3
Bd4 28. Bxg6 Nd5 29. Bf7+ Kg7 30. Bxd5 Qxd5+ 31. Qe4 Qxe4+ 32. Rxe4 e5 33. Kg2
b5 34. Kf3 Kf6 35. Re2 c4 36. bxc4 bxc4 37. Ke4 Ke6 38. h4 h6 39. g5 hxg5 40.
hxg5 c3 41. Rh2 Kf7 42. Kf5 Be3 43. g6+ Kg8 44. Kf6 e4 45. g7 Bd4+ 46. Kf5 e3
47. Ke4 Bc5 48. Kd3 Kxg7 49. Kxc3 Kg6 50. Kd3 Kg5 51. Rh4 Bb6 52. Rb4 Kf5 53.
Rxb6 axb6 54. Kxe3 Kg4 55. Kd4 Kxg3 56. Kc4 Kf4 57. Kb5 Ke5 58. Kxb6 Kd6 59. a4
Kd7 60. Kb7 Kd6 61. a5 1-0

[Event "Bank Lviv-open 2016 (C-Open)"]
[Site "Lviv"]
[Date "2016.03.15"]
[Round "2.4"]
[White "Kovalev, Vladislav"]
[Black "Mikhalsky, Vladimir"]
[Result "1/2-1/2"]
[WhiteElo "2633"]
[BlackElo "2340"]
[PlyCount "88"]
[EventDate "2016.03.15"]
[EventType "swiss (rapid)"]
[EventRounds "11"]
[EventCountry "UKR"]

1. d4 Nf6 2. Nc3 d6 3. e4 g6 4. f3 c6 5. Be3 b5 6. Qd2 Bg7 7. O-O-O b4 8. Nce2
Qa5 9. Kb1 Be6 10. Nc1 Nbd7 11. Nge2 Nb6 12. Nf4 Bc4 13. Nfd3 Bxd3 14. Qxd3 O-O
15. Nb3 Qa4 16. Qa6 Nfd7 17. h4 Rfc8 18. h5 Qxa6 19. Bxa6 Rc7 20. hxg6 hxg6 21.
g4 Rb8 22. Bg5 Bf6 23. Bxf6 Nxf6 24. Rh2 e5 25. dxe5 dxe5 26. Nc5 Kg7 27. Rhd2
Rh8 28. Nd3 Nfd7 29. Nxb4 Rh3 30. Be2 Nc5 31. b3 Ne6 32. Nd3 Kf6 33. a4 a5 34.
Rf1 c5 35. Nb2 Nd4 36. Bd1 c4 37. c3 Ne6 38. Rd6 Nc8 39. Ra6 cxb3 40. Bxb3 Rxc3
41. Bxe6 fxe6 42. g5+ Kxg5 43. Rxe6 Rh2 44. Rxe5+ Kf4 1/2-1/2

[Event "Bank Lviv-open 2016 (C-Open)"]
[Site "Lviv"]
[Date "2016.03.15"]
[Round "2.5"]
[White "Vetoshko, Volodymyr"]
[Black "Stupak, Kirill"]
[Result "1-0"]
[WhiteElo "2335"]
[BlackElo "2612"]
[PlyCount "107"]
[EventDate "2016.03.15"]
[EventType "swiss (rapid)"]
[EventRounds "11"]
[EventCountry "UKR"]

1. Nf3 e6 2. e4 d5 3. d4 Nc6 4. Nbd2 Nf6 5. e5 Nd7 6. Bb5 a6 7. Bxc6 bxc6 8.
O-O c5 9. c3 cxd4 10. cxd4 a5 11. a4 c5 12. dxc5 Ba6 13. c6 Nc5 14. Re1 Qb6 15.
Nf1 Qxc6 16. Nd4 Qb7 17. Ng3 g6 18. Bg5 Nd7 19. Rc1 Bg7 20. Nc6 O-O 21. Qd2 Bc4
22. Nxa5 Rxa5 23. Qxa5 Nxe5 24. Rxe5 Bxe5 25. Rxc4 dxc4 26. Qxe5 Qd5 27. Qxd5
exd5 28. Bf6 Ra8 29. Ne2 Rxa4 30. f4 Ra1+ 31. Kf2 Rd1 32. g4 h6 33. Bc3 Kf8 34.
Ke3 Rd3+ 35. Kf2 Ke7 36. Nd4 Kd6 37. Bb4+ Kd7 38. Nf3 f6 39. g5 hxg5 40. fxg5
Ke6 41. gxf6 Kxf6 42. Bc3+ Kf5 43. Ke2 g5 44. Nd4+ Ke4 45. Ne6 Re3+ 46. Kf2 g4
47. Nc5+ Kf4 48. Bd2 d4 49. Bxe3+ dxe3+ 50. Ke2 Kg5 51. Kxe3 Kh4 52. Ne4 Kh3
53. Nf2+ Kxh2 54. Nxg4+ 1-0

[Event "Bank Lviv-open 2016 (C-Open)"]
[Site "Lviv"]
[Date "2016.03.15"]
[Round "2.6"]
[White "Bortnyk, Olexandr"]
[Black "Grinev, Valeriy"]
[Result "1-0"]
[WhiteElo "2606"]
[BlackElo "2328"]
[PlyCount "63"]
[EventDate "2016.03.15"]
[EventType "swiss (rapid)"]
[EventRounds "11"]
[EventCountry "UKR"]

1. e4 c5 2. Nf3 e6 3. c3 Nf6 4. e5 Nd5 5. d4 cxd4 6. cxd4 d6 7. Bc4 Nc6 8. O-O
Be7 9. Qe2 O-O 10. Bd2 Qb6 11. Nc3 Nxd4 12. Nxd4 Qxd4 13. exd6 Bxd6 14. Nb5 Qb6
15. Nxd6 Qxd6 16. Rad1 Bd7 17. Qg4 Rac8 18. Bh6 Qe5 19. Bxd5 exd5 20. Qxd7 gxh6
21. Qxb7 Rb8 22. Qxa7 Rxb2 23. h3 Rc8 24. a4 Ra2 25. Rd3 Rc3 26. Qa8+ Kg7 27.
Rxd5 Rxa4 28. Qd8 Qf6 29. Qe8 Rca3 30. Rd8 Qg5 31. Qh8+ Kg6 32. Qe8 1-0

[Event "Bank Lviv-open 2016 (C-Open)"]
[Site "Lviv"]
[Date "2016.03.15"]
[Round "3.1"]
[White "Onischuk, Vladimir"]
[Black "Budnikov, Oleg"]
[Result "1-0"]
[WhiteElo "2732"]
[BlackElo "2475"]
[PlyCount "107"]
[EventDate "2016.03.15"]
[EventType "swiss (rapid)"]
[EventRounds "11"]
[EventCountry "UKR"]

1. e4 e6 2. d4 d5 3. Bd3 dxe4 4. Bxe4 Nf6 5. Bf3 Nbd7 6. Nc3 c6 7. Nge2 Bd6 8.
Bg5 h6 9. Bh4 Qc7 10. Qd2 e5 11. O-O-O O-O 12. d5 cxd5 13. Nxd5 Nxd5 14. Bxd5
Nb6 15. Bb3 Be7 16. Bxe7 Qxe7 17. Qd6 Re8 18. Qxe7 Rxe7 19. Rd8+ Kh7 20. Rhd1
Bf5 21. Rxa8 Nxa8 22. Ng3 Bg6 23. h4 h5 24. Re1 Nc7 25. c3 f5 26. Bd1 Kh6 27.
f4 e4 28. Bxh5 Nd5 29. Bxg6 Kxg6 30. h5+ Kf6 31. Ne2 Re8 32. Rd1 Ne3 33. Rd6+
Re6 34. Rxe6+ Kxe6 35. g3 Ng4 36. Kd2 Kf6 37. c4 g6 38. hxg6 Kxg6 39. b4 Kf6
40. c5 Ke6 41. Nd4+ Kf6 42. b5 Nh6 43. c6 bxc6 44. Nxc6 Ke6 45. Nxa7 Kd6 46. a4
Kc5 47. Nc6 Nf7 48. Kc3 Nd6 49. Nd4 Kb6 50. Kb4 e3 51. a5+ Kb7 52. Kc3 Ne4+ 53.
Kd3 Nxg3 54. Kxe3 1-0

[Event "Bank Lviv-open 2016 (C-Open)"]
[Site "Lviv"]
[Date "2016.03.15"]
[Round "3.2"]
[White "Frolov, Artur"]
[Black "Areshchenko, Alexander"]
[Result "0-1"]
[WhiteElo "2461"]
[BlackElo "2663"]
[PlyCount "195"]
[EventDate "2016.03.15"]
[EventType "swiss (rapid)"]
[EventRounds "11"]
[EventCountry "UKR"]

1. e4 c5 2. Nf3 d6 3. d4 cxd4 4. Nxd4 Nf6 5. Nc3 a6 6. Be3 e5 7. Nb3 Be6 8. Qd2
Nbd7 9. f3 h5 10. O-O-O Be7 11. Kb1 Rc8 12. Qe1 Qc7 13. Bd3 b5 14. h3 h4 15. f4
Bc4 16. Qe2 Nh5 17. Qf3 exf4 18. Bxf4 Nxf4 19. Qxf4 Ne5 20. Nd4 Be6 21. Nd5
Bxd5 22. exd5 Bf6 23. Nc6 Kf8 24. Nxe5 Bxe5 25. Qf3 Qc5 26. c3 Rc7 27. Rhe1 Rh6
28. Qe3 Qxd5 29. Be4 Qc5 30. Bd5 Qxe3 31. Rxe3 Rf6 32. Rf3 Rxf3 33. Bxf3 Ke7
34. Bd5 f5 35. a3 Kf6 36. Kc2 g5 37. Kb3 a5 38. a4 Rc5 39. Bf3 bxa4+ 40. Kxa4
g4 41. hxg4 fxg4 42. Be2 Kg5 43. Rf1 h3 44. gxh3 gxh3 45. Rf7 h2 46. Bf3 Bf4
47. Ra7 Bc1 48. Rh7 Kf4 49. Bh1 Bxb2 50. Rxh2 Bxc3 51. Re2 Bb4 52. Re4+ Kf5 53.
Re8 Rc1 54. Be4+ Kf4 55. Bd5 Ra1+ 56. Kb5 Rd1 57. Bb3 Rb1 58. Bc4 Rc1 59. Bb3
Rc5+ 60. Ka4 Re5 61. Rb8 Ke3 62. Rb5 Kd4 63. Rb8 Rg5 64. Rc8 Rg1 65. Rc4+ Kd3
66. Rh4 Ra1+ 67. Kb5 Kc3 68. Rh3+ Kb2 69. Bc4 Rg1 70. Rh2+ Kc3 71. Rh3+ Kc2 72.
Rh2+ Bd2 73. Kc6 Rg6 74. Re2 Kc3 75. Be6 a4 76. Kxd6 a3 77. Re4 Kb2 78. Ra4 Rg5
79. Kd7 Bc3 80. Ra6 Bb4 81. Ke8 Rg7 82. Bf7 Kc3 83. Rc6+ Kd3 84. Ra6 Kd4 85.
Ra4 Kc5 86. Ra6 Kb5 87. Ra8 Ba5 88. Rb8+ Kc5 89. Ra8 Kb5 90. Rb8+ Bb6 91. Ra8
Bc5 92. Rb8+ Ka6 93. Ra8+ Ba7 94. Rc8 Kb5 95. Rc2 Bd4 96. Rc8 Rh7 97. Rb8+ Bb6
98. Bg8 0-1

[Event "Bank Lviv-open 2016 (C-Open)"]
[Site "Lviv"]
[Date "2016.03.15"]
[Round "3.3"]
[White "Mirzoev, Emil"]
[Black "Bortnyk, Olexandr"]
[Result "0-1"]
[WhiteElo "2433"]
[BlackElo "2606"]
[PlyCount "80"]
[EventDate "2016.03.15"]
[EventType "swiss (rapid)"]
[EventRounds "11"]
[EventCountry "UKR"]

1. d4 d6 2. c4 e5 3. Nf3 e4 4. Nfd2 f5 5. e3 Nf6 6. Nc3 g6 7. Be2 Bh6 8. b3 O-O
9. Bb2 c6 10. Qc2 Be6 11. O-O-O a5 12. Kb1 Na6 13. a3 Rc8 14. g4 Nxg4 15. Bxg4
fxg4 16. Ndxe4 Bf5 17. h3 g3 18. d5 gxf2 19. Ne2 cxd5 20. Rxd5 Bxe4 21. Qxe4
f1=Q+ 22. Rxf1 Rxf1+ 23. Ka2 Qd7 24. Nf4 Rf2 25. Nd3 Rxb2+ 26. Kxb2 Re8 27.
Rxd6 Rxe4 28. Rxd7 Rxe3 29. b4 axb4 30. axb4 Bg7+ 31. Kc2 Re4 32. Rd8+ Bf8 33.
Kc3 Re3 34. Kd4 Rxh3 35. b5 Nc7 36. Rd7 Ne6+ 37. Ke5 Re3+ 38. Kf6 Bg7+ 39.
Rxg7+ Nxg7 40. Ne5 b6 0-1

[Event "Bank Lviv-open 2016 (C-Open)"]
[Site "Lviv"]
[Date "2016.03.15"]
[Round "3.4"]
[White "Vovk, Yuri"]
[Black "Golubka, Petr"]
[Result "1/2-1/2"]
[WhiteElo "2576"]
[BlackElo "2413"]
[PlyCount "119"]
[EventDate "2016.03.15"]
[EventType "swiss (rapid)"]
[EventRounds "11"]
[EventCountry "UKR"]

1. d4 d5 2. c4 e6 3. Nf3 c5 4. cxd5 exd5 5. Nc3 Nc6 6. dxc5 d4 7. Na4 Bxc5 8.
Nxc5 Qa5+ 9. Bd2 Qxc5 10. Rc1 Qb6 11. e3 dxe3 12. Bxe3 Qb4+ 13. Bd2 Qe4+ 14.
Be2 Nge7 15. O-O O-O 16. Re1 Qg6 17. Bc3 Be6 18. Qa4 Nd5 19. Bd2 h6 20. Bb5
Nde7 21. a3 a6 22. Bf1 Rfd8 23. Be3 Nd5 24. Bc5 Rac8 25. Qh4 Qg4 26. Qxg4 Bxg4
27. Nd2 Nf4 28. Nc4 Nd3 29. Bxd3 Rxd3 30. Nd6 Rb8 31. f3 Be6 32. Red1 Rxd1+ 33.
Rxd1 Rd8 34. Rd2 Rd7 35. Kf2 Na5 36. Bb4 Nb3 37. Rd1 a5 38. Bc3 a4 39. h4 h5
40. Bb4 Rc7 41. Kg3 Rc1 42. Rd3 Rc2 43. Nxb7 Rxb2 44. Nd8 Nc1 45. Rd2 Rxd2 46.
Bxd2 Nb3 47. Be3 Bd5 48. Kf4 f6 49. Kf5 Na1 50. Bc5 Nc2 51. Ne6 Ne1 52. Nf4 Bf7
53. Ke4 g5 54. hxg5 fxg5 55. Nh3 g4 56. fxg4 Nxg2 57. g5 Be6 58. Nf4 Nxf4 59.
Kxf4 Kf7 60. Ke4 1/2-1/2

[Event "Bank Lviv-open 2016 (C-Open)"]
[Site "Lviv"]
[Date "2016.03.15"]
[Round "3.5"]
[White "Mischuk, Dmitry"]
[Black "Bernadskiy, Vitaliy"]
[Result "1-0"]
[WhiteElo "2420"]
[BlackElo "2570"]
[PlyCount "311"]
[EventDate "2016.03.15"]
[EventType "swiss (rapid)"]
[EventRounds "11"]
[EventCountry "UKR"]

1. d4 Nf6 2. c4 e6 3. g3 c5 4. Nf3 cxd4 5. Nxd4 a6 6. Bg2 Qc7 7. Nc3 Qxc4 8.
Be3 Qc7 9. O-O Be7 10. Rc1 Nc6 11. Na4 O-O 12. Nb6 Rb8 13. h3 d5 14. Qa4 Bd7
15. Nxd7 Qxd7 16. Nxc6 bxc6 17. Qxa6 Rxb2 18. Bd4 Rb4 19. Bxf6 Bxf6 20. Rxc6 h5
21. h4 Qb7 22. Bf3 Qe7 23. Rc8 g6 24. Rxf8+ Kxf8 25. Qc8+ Kg7 26. Rc1 Be5 27.
Qc5 Qb7 28. Kg2 Ra4 29. Qe3 Bf6 30. Qb3 Rb4 31. Qd3 Rd4 32. Qc2 Qa7 33. Qb3 Qa5
34. Qb7 Rb4 35. Qd7 Rc4 36. Rb1 Qc7 37. Qe8 Qc8 38. Qb5 Rc5 39. Qb3 Rc3 40. Qb5
Ra3 41. Qb7 Qxb7 42. Rxb7 Rxa2 43. Rd7 Be5 44. Rb7 Kf6 45. Rd7 Rb2 46. Ra7 Bd4
47. Rd7 Bc5 48. Rc7 Be7 49. Rd7 Rb8 50. Rc7 Rd8 51. Rb7 Bc5 52. Rc7 Bb6 53. Rb7
Rd6 54. e3 d4 55. exd4 Bxd4 56. Rc7 Ra6 57. Rc2 Ra3 58. Rd2 e5 59. Bd5 Ke7 60.
Rc2 Ra5 61. Bb3 Rb5 62. Ba2 f5 63. Bc4 Rb6 64. Bd5 e4 65. Rd2 Bc5 66. Rc2 Bd6
67. Ra2 Kf6 68. Rc2 Rb5 69. Bc4 Ra5 70. Rd2 Bb4 71. Rb2 Bd6 72. Rb6 Ke7 73.
Rb7+ Kd8 74. Bf7 Bc5 75. Rb2 Ra6 76. Rc2 Bb4 77. Rb2 Bc5 78. Rc2 Bf8 79. Rb2
Ke7 80. Rb7+ Kf6 81. Bc4 Rc6 82. Rf7+ Ke5 83. Rxf8 Rxc4 84. Re8+ Kf6 85. Rf8+
Ke7 86. Ra8 Rc2 87. Kg1 Rc3 88. Ra6 Kf7 89. Ra7+ Kf6 90. Ra6+ Kg7 91. Ra7+ Kh6
92. Rf7 Rf3 93. Kg2 Ra3 94. Kf1 Ra8 95. Ke2 Ra2+ 96. Ke3 Ra3+ 97. Ke2 Rb3 98.
Kf1 Rb8 99. Ke2 Rg8 100. f3 Rg7 101. Rf8 Re7 102. fxe4 Rxe4+ 103. Kf3 Kg7 104.
Ra8 Rg4 105. Ra7+ Kf6 106. Ra5 f4 107. gxf4 Rxh4 108. Ra6+ Kg7 109. Ra7+ Kf6
110. Ra6+ Kg7 111. Ra7+ Kh6 112. Ra6 Rh1 113. Kg2 Rh4 114. Kf3 Kg7 115. Ra7+
Kf8 116. Ra8+ Kf7 117. Ra7+ Ke8 118. Ra8+ Kd7 119. Ra7+ Kd8 120. Ra8+ Kc7 121.
Ra7+ Kb6 122. Rg7 Rg4 123. Rd7 Kc6 124. Rd8 Kc7 125. Rd5 Kc6 126. Rd8 Kc5 127.
Rd7 Kc4 128. Rd6 Kc3 129. Rd5 Kc2 130. Rd6 Kc1 131. Rd5 Rg1 132. Kf2 Rg4 133.
Kf3 Kc2 134. Rd6 Rg1 135. Kf2 Rg4 136. Kf3 Kc3 137. Rd8 Rg1 138. Kf2 Rg4 139.
Kf3 Kc4 140. Rd6 Kc5 141. Rd8 Rg1 142. Ke4 Re1+ 143. Kf3 Re6 144. Rf8 Rd6 145.
f5 g5 146. Rh8 g4+ 147. Kf4 Rd4+ 148. Ke5 Rd5+ 149. Ke6 Rd6+ 150. Ke7 Rd1 151.
Rxh5 Re1+ 152. Kf7 Kd6 153. f6 g3 154. Rg5 Re3 155. Kg7 Ke6 156. f7 1-0

[Event "Bank Lviv-open 2016 (C-Open)"]
[Site "Lviv"]
[Date "2016.03.15"]
[Round "3.6"]
[White "Shevchenko, Kirill"]
[Black "Malakhatko, Vadim"]
[Result "0-1"]
[WhiteElo "2411"]
[BlackElo "2553"]
[PlyCount "64"]
[EventDate "2016.03.15"]
[EventType "swiss (rapid)"]
[EventRounds "11"]
[EventCountry "UKR"]

1. e4 c5 2. Nf3 e6 3. d4 cxd4 4. Nxd4 Nc6 5. Nc3 Qc7 6. Be3 a6 7. Qd2 Nf6 8.
O-O-O Be7 9. f3 h5 10. Kb1 d6 11. h4 Bd7 12. Bg5 Ne5 13. Nb3 b5 14. a3 Rb8 15.
Nd4 O-O 16. g4 b4 17. axb4 Rxb4 18. Bxf6 Bxf6 19. g5 Be7 20. Nd5 Rxb2+ 21. Kxb2
exd5 22. exd5 Rb8+ 23. Kc1 Qc5 24. Qe3 Bd8 25. f4 Ng4 26. Qf3 Ba5 27. Rh3 Nf2
28. Qxf2 Bxh3 29. Qe3 Bc3 30. Rd3 Qa3+ 31. Kd1 Rb1+ 32. Ke2 Re1+ 0-1

[Event "Bank Lviv-open 2016 (C-Open)"]
[Site "Lviv"]
[Date "2016.03.15"]
[Round "4.1"]
[White "Sumets, Andrey"]
[Black "Onischuk, Vladimir"]
[Result "0-1"]
[WhiteElo "2506"]
[BlackElo "2732"]
[PlyCount "126"]
[EventDate "2016.03.15"]
[EventType "swiss (rapid)"]
[EventRounds "11"]
[EventCountry "UKR"]

1. d4 d6 2. Nf3 g6 3. c4 Bg7 4. Nc3 Bg4 5. e3 c5 6. Be2 cxd4 7. exd4 Nc6 8. Be3
Nh6 9. d5 Bxf3 10. Bxf3 Ne5 11. Be2 Nf5 12. Bd2 h5 13. O-O Qb6 14. b3 a6 15.
Rc1 Qd4 16. Qc2 Qh4 17. Qe4 Ng4 18. h3 Bd4 19. Qf4 Be5 20. Qg5 Qxg5 21. Bxg5
Nf6 22. Bd3 h4 23. Ne2 Nd4 24. Rcd1 Nxe2+ 25. Bxe2 Ne4 26. Be3 Nc3 27. Rd2
Nxe2+ 28. Rxe2 Kd7 29. f4 Bf6 30. Rc1 Rhc8 31. Kf2 b5 32. Rec2 b4 33. c5 dxc5
34. Rxc5 Bc3 35. Rxc8 Rxc8 36. Kf3 Kd6 37. Bf2 Rh8 38. Rd1 a5 39. Kg4 Bf6 40.
Bb6 Ra8 41. Bd4 Rc8 42. Bxf6 exf6 43. Rd2 Rh8 44. Rc2 Kxd5 45. Rc7 f5+ 46. Kg5
Ke6 47. Rc6+ Ke7 48. Rc7+ Ke6 49. Rc6+ Kd5 50. Ra6 Ke4 51. Rxa5 Rh5+ 52. Kf6
Kxf4 53. Ra4 Kg3 54. Rxb4 Kxg2 55. a4 Kxh3 56. a5 Kg3 57. a6 Rh8 58. Ra4 h3 59.
b4 h2 60. Ra3+ Kg4 61. Ra1 h1=Q 62. Rxh1 Rxh1 63. b5 Ra1 0-1

[Event "Bank Lviv-open 2016 (C-Open)"]
[Site "Lviv"]
[Date "2016.03.15"]
[Round "4.2"]
[White "Areshchenko, Alexander"]
[Black "Kislinsky, Alexey"]
[Result "0-1"]
[WhiteElo "2663"]
[BlackElo "2486"]
[PlyCount "96"]
[EventDate "2016.03.15"]
[EventType "swiss (rapid)"]
[EventRounds "11"]
[EventCountry "UKR"]

1. e4 c5 2. Nf3 Nc6 3. Bb5 d6 4. O-O Bd7 5. Re1 Nf6 6. c3 a6 7. Bf1 Bg4 8. h3
Bxf3 9. Qxf3 g6 10. d3 Bg7 11. Nd2 O-O 12. Qd1 Rc8 13. Nf3 Nd7 14. Be3 Qc7 15.
d4 cxd4 16. cxd4 Qb8 17. Qd2 Rfe8 18. Rac1 Nf6 19. d5 Na7 20. Bd3 Nd7 21. Nd4
Rxc1 22. Rxc1 Rc8 23. Rxc8+ Nxc8 24. Qc2 Ncb6 25. f3 h6 26. Be2 Kh7 27. a4 Qh8
28. Qd1 Nc5 29. b3 a5 30. Nb5 Nbd7 31. Qc2 Be5 32. f4 Bg7 33. Bf3 b6 34. g3 Nb8
35. h4 h5 36. g4 hxg4 37. Bxg4 Kg8 38. Bf2 Nba6 39. e5 dxe5 40. d6 exd6 41.
Nxd6 Bf8 42. Ne8 exf4 43. Qc4 Qe5 44. Qb5 Nb4 45. Kg2 Nbd3 46. Bxc5 f3+ 47.
Bxf3 Nf4+ 48. Kf1 Bxc5 0-1

[Event "Bank Lviv-open 2016 (C-Open)"]
[Site "Lviv"]
[Date "2016.03.15"]
[Round "4.3"]
[White "Bortnyk, Olexandr"]
[Black "Mischuk, Dmitry"]
[Result "1-0"]
[WhiteElo "2606"]
[BlackElo "2420"]
[PlyCount "35"]
[EventDate "2016.03.15"]
[EventType "swiss (rapid)"]
[EventRounds "11"]
[EventCountry "UKR"]

1. e4 e6 2. d4 d5 3. Nc3 Bb4 4. Nge2 dxe4 5. a3 Bxc3+ 6. Nxc3 Nc6 7. Bb5 Nge7
8. Nxe4 a6 9. Bd3 Nxd4 10. O-O Ng6 11. Qh5 h6 12. Re1 O-O 13. Bg5 Qd5 14. c4
Qd7 15. Nf6+ gxf6 16. Bxf6 Kh7 17. Re3 Rh8 18. Qxh6+ 1-0

[Event "Bank Lviv-open 2016 (C-Open)"]
[Site "Lviv"]
[Date "2016.03.15"]
[Round "4.5"]
[White "Vorontsov, Pavlo"]
[Black "Vovk, Yuri"]
[Result "1-0"]
[WhiteElo "2486"]
[BlackElo "2576"]
[PlyCount "145"]
[EventDate "2016.03.15"]
[EventType "swiss (rapid)"]
[EventRounds "11"]
[EventCountry "UKR"]

1. Nf3 Nf6 2. g3 b6 3. Bg2 Bb7 4. O-O e6 5. c4 Be7 6. Nc3 O-O 7. Re1 d5 8. cxd5
exd5 9. d4 Ne4 10. Ne5 Nd7 11. Bf4 Re8 12. Nxe4 dxe4 13. Qc2 Nf6 14. Red1 Bd6
15. Bg5 h6 16. Bxf6 Qxf6 17. Bxe4 Bxe4 18. Qxe4 Bxe5 19. dxe5 Qxe5 20. Qxe5
Rxe5 21. e3 Re7 22. Rd5 c5 23. Rad1 Rc7 24. Kf1 c4 25. Rc1 Rac8 26. Ke2 Kf8 27.
Kd2 Ke7 28. Kc3 Rc5 29. Rcd1 Rxd5 30. Rxd5 Ke6 31. Rd4 b5 32. e4 a6 33. Rd5 Rb8
34. f4 g6 35. Kd4 Rc8 36. Kc3 f5 37. Re5+ Kf6 38. exf5 gxf5 39. a4 bxa4 40. Ra5
Rc6 41. Rxa4 Ke6 42. Rxc4 Rb6 43. b4 Kd6 44. Rc5 Ke6 45. Re5+ Kf6 46. Kc4 Rc6+
47. Rc5 Rd6 48. Rd5 Rc6+ 49. Kb3 Kg6 50. Rc5 Rd6 51. Kc3 Rb6 52. Ra5 Rc6+ 53.
Kd4 Kf6 54. Kd5 Rb6 55. Kc5 Re6 56. Ra2 Ke7 57. Rd2 h5 58. Rd5 Rf6 59. Re5+ Kf7
60. Rd5 Ke7 61. Kd4 h4 62. Ke5 hxg3 63. hxg3 Rb6 64. Kxf5 Rxb4 65. g4 Ra4 66.
g5 a5 67. Rb5 Ra1 68. Rb7+ Ke8 69. Kf6 a4 70. g6 a3 71. g7 Rg1 72. Rb8+ Kd7 73.
g8=Q 1-0